00686nam a2200241 a 4500001001300000003000900013005001700022008004100039020001000080082001500090100001500105245002300120260005000143300000900193500003500202505001900237650002700256700001500283902000800298942000700306952011600313999001500429nice12345678IN_TiNIC20260116012759.0050524s1959 lina grp 000 0 eng  ac10000a232.9bWHI aWhite, E G aChrist Our Saviour aLincolnshirebStanborough Press Limitedc1959 a126p aincludes index and biblioraphy2 aIndex of Names aJesus Christ-Biography1 aWhite, E G bSRS cBK 001040708StackRoom-aHMIbHMId2007-06-19g100.00l0o232.9 WHIp011055r2007-06-19v100.00w2005-05-24yBK c8336d8336